Avengers: Infinity War Characters Quiz Stats

Quiz not verified by Sporcle

Also try: Men in Glasses II
Challenge
Share
Tweet
Embed
Score 0/22 Timer 05:00
11 Plays Today
Hint Answer % Correct
A.K.A. Chris HemsworthThor
98.1%
Usually gets angryHulk
97.9%
Leader of the Guardians of the GalaxyPeter Quill
97.2%
The main characterIron Man
97.1%
The main villainThanos
96.4%
Has colors such as red, blue, and whiteCaptain America
96.2%
Web slinger, web shooter, and wall crawlerSpider-Man
95.5%
Can calm Hulk downBlack Widow
95.4%
Can do very good in archeryHawkeye
93.7%
A doctorDoctor Stephen Strange
93.1%
Is technically a treeGroot
92.9%
Hint Answer % Correct
Has the Mind StoneVision
92.5%
Very, very, very tinyAnt-Man
92.5%
Sister of QuicksiverScarlet Witch
92.3%
The main villain's daughterGamora
92.1%
Captain America's best friendJames Buchanan 'Bucky' Barnes
90.9%
Best friends with GrootRocket Raccoon
89.9%
Has his own movie in 2018Black Panther
88.3%
#2's adopted brotherLoki
87.7%
A destroyerDrax the Destroyer
85.9%
Has a gray suit just like Iron Man'sWar Machine
85.9%
First movie was 'The Winter Soldier'Falcon
69.4%

You're not logged in!

Compare scores with friends on all Sporcle quizzes.
Join for Free
OR
Log In

You Might Also Like...

Show Comments

Extras

Top Quizzes Today


Score Distribution

Your Account Isn't Verified!

In order to create a playlist on Sporcle, you need to verify the email address you used during registration. Go to your Sporcle Settings to finish the process.

Report this User

Report this user for behavior that violates our Community Guidelines.

Details: